| 000 | 00598cam a2200229ua 4500 | ||
|---|---|---|---|
| 020 | _a0 07 099033 6 | ||
| 041 |
_aeng _h |
||
| 082 |
_a005.133 _bLIP/TH |
||
| 100 | _aLipschutz, Seymour . | ||
| 245 |
_aTheory and problems of programming with FORTRAN / _cSeymour Lipschutz. _hTextual Documents |
||
| 250 |
_a1 / _b. |
||
| 260 |
_aNew York : _bMcGraw Hill Book Company , _c1982. |
||
| 300 | _a314 ; . | ||
| 504 | _a | ||
| 700 | 1 | _aPoe, Arthur . | |
| 942 | _cBK | ||
| 999 |
_c9646 _d9646 |
||